Largest European Cities on a Map by Letter - O - Statistics

General Stats
  • This quiz has been taken 269 times
  • The average score is 7 of 15
Answers on the Map
Answers color-coded by a green-red scale on the quiz's map according to % correct below.
 
Answer Stats
Pop. City % Correct
681k Oslo
100%
1.01m Odessa
88%
175k Oxford
69%
204k Oulu
61%
180k Odense
60%
289k Ostrava
58%
219k Oviedo
48%
169k Oldenburg
38%
166k Osnabrück
36%
212k Oberhausen
31%
153k Örebro
31%
189k Oradea
21%
173k Olsztyn
20%
315k Oryol
17%
141k Odintsovo
3%
No matching quizzes found
Score Distribution
Percent of People with Each Score
Percentile by Number Answered
Your Score History
You have not taken this quiz